[Event "RUS-ch blitz"]
[Site "Sochi"]
[Date "2019.10.17"]
[Round "2"]
[White "Lugovskoy, Maxim"]
[Black "Nazaryev, Sergey"]
[Result "1-0"]
[WhiteElo "2436"]
[BlackElo "2270"]
[PlyCount "55"]
[EventDate "2019.10.17"]
[EventType "swiss (blitz)"]
[EventRounds "15"]
[EventCountry "RUS"]
[SourceTitle "CBM 192 Extra"]
[Source "Chessbase"]
[SourceDate "2019.11.06"]
[SourceVersion "1"]
[SourceVersionDate "2019.11.06"]
[SourceQuality "1"]

1. d4 Nf6 2. Nc3 d5 3. Bf4 c6 4. e3 Bf5 5. f3 e6 6. g4 Bg6 7. h4 h5 8. g5 Nfd7 9. Nge2 Qb6 10. Rb1 c5 11. Bh3 Nc6 12. Bg3 cxd4 13. exd4 Nb4 14. Rc1 Bd6 15. Bf4 Bxf4 16. Nxf4 Bxc2 17. Qd2 Qd6 18. 0-0 0-0 19. a3 Nd3 20. Nxd3 Qg3+ 21. Bg2 Bxd3 22. Qxd3 Qxh4 23. f4 f6 24. Qh3 Qxh3 25. Bxh3 f5 26. Rfe1 Kf7 27. Nb5 Ke7 28. Nc7 1-0

[Event "RUS-ch blitz"]
[Site "Sochi"]
[Date "2019.10.17"]
[Round "6"]
[White "Nazaryev, Sergey"]
[Black "Belozerov, Andrei"]
[Result "1/2-1/2"]
[WhiteElo "2270"]
[BlackElo "2515"]
[PlyCount "127"]
[EventDate "2019.10.17"]
[EventType "swiss (blitz)"]
[EventRounds "15"]
[EventCountry "RUS"]
[SourceTitle "CBM 192 Extra"]
[Source "Chessbase"]
[SourceDate "2019.11.06"]
[SourceVersion "1"]
[SourceVersionDate "2019.11.06"]
[SourceQuality "1"]

1. d4 d5 2. Nf3 Nf6 3. Bf4 c5 4. c3 Qb6 5. Qb3 Nc6 6. dxc5 Qxc5 7. e3 g6 8. h3 Bg7 9. Nbd2 0-0 10. Qb5 Nd7 11. Nb3 Qxb5 12. Bxb5 a6 13. Be2 Nb6 14. Nc5 e5 15. Bg3 Nd7 16. Nxd7 Bxd7 17. 0-0 h6 18. Rfd1 Be6 19. Nd2 d4 20. exd4 exd4 21. cxd4 Nxd4 22. Bc4 Rac8 23. Bxe6 Nxe6 24. Ne4 Rc2 25. Rd2 Rxd2 26. Nxd2 Rc8 27. Ne4 Bxb2 28. Rb1 Rc1+ 29. Rxc1 Bxc1 30. Nd6 b5 31. Be5 Bf4 32. Bxf4 Nxf4 33. Ne4 Kf8 34. Kf1 Ke7 35. h4 Nd5 36. Ke1 Nf6 37. Nc5 a5 38. Kd2 Kd6 39. Nb7+ Kd5 40. Nxa5 Ne4+ 41. Ke3 Nc3 42. Nb7 Nxa2 43. Nd8 f5 44. Nf7 b4 45. Kd3 Nc3 46. Nxh6 Ne4 47. f3 Nc5+ 48. Kc2 Kc4 49. Nf7 b3+ 50. Kd2 Kd4 51. Nd6 Ne6 52. g4 f4 53. h5 gxh5 54. gxh5 Ng5 55. h6 Nxf3+ 56. Kc1 Ng5 57. Kb2 f3 58. Nf5+ Ke5 59. Ng3 Kf4 60. Nf1 Kg4 61. Nh2+ Kh5 62. Nxf3 Kxh6 63. Nxg5 Kxg5 64. Kxb3 1/2-1/2

[Event "RUS-ch rapid"]
[Site "Sochi"]
[Date "2019.10.15"]
[Round "2"]
[White "Belozerov, Andrei"]
[Black "Nazaryev, Sergey"]
[Result "1-0"]
[WhiteElo "2515"]
[BlackElo "2270"]
[PlyCount "62"]
[EventDate "2019.10.15"]
[EventType "swiss"]
[EventRounds "11"]
[EventCountry "RUS"]
[SourceTitle "CBM 192 Extra"]
[Source "Chessbase"]
[SourceDate "2019.11.06"]
[SourceVersion "1"]
[SourceVersionDate "2019.11.06"]
[SourceQuality "1"]

1. e4 c6 2. d4 d5 3. Nd2 dxe4 4. Nxe4 Nf6 5. Nxf6+ exf6 6. c3 Bd6 7. Bd3 0-0 8. Qc2 Re8+ 9. Ne2 h5 10. Be3 Nd7 11. 0-0 Qc7 12. Ng3 Bxg3 13. hxg3 Nf8 14. Rfe1 Be6 15. c4 Rad8 16. Rad1 Bg4 17. f3 Bc8 18. Qf2 b6 19. Bc2 Be6 20. Bb3 Bf5 21. d5 cxd5 22. cxd5 Ng6 23. Ba4 Bd7 24. d6 Qb8 25. Bc2 Be6 26. Qd2 Qc8 27. Rc1 Qd7 28. Red1 Ne5 29. Bf4 Nc4 30. Qd4 Rc8 31. Bd3 Na5 1-0

[Event "Sochi Amateur op 6th"]
[Site "Sochi"]
[Date "2019.04.11"]
[Round "7"]
[White "Nazaryev, Sergey"]
[Black "Oganian, Miran"]
[Result "0-1"]
[WhiteElo "2268"]
[BlackElo "2411"]
[PlyCount "62"]
[EventDate "2019.04.07"]
[EventType "swiss"]
[EventRounds "9"]
[EventCountry "RUS"]
[SourceTitle "CBM 189 Extra"]
[Source "ChessBase"]
[SourceDate "2019.06.03"]
[SourceVersion "1"]
[SourceVersionDate "2019.06.03"]
[SourceQuality "1"]

1. d4 d5 2. Nf3 Nf6 3. c4 e6 4. Nc3 dxc4 5. e4 Bb4 6. Bxc4 Nxe4 7. 0-0 Nf6 8. Qa4+ Nc6 9. Bb5 Be7 10. Ne5 0-0 11. Nxc6 bxc6 12. Bxc6 Rb8 13. a3 Qd6 14. Bf3 Bb7 15. Bxb7 Rxb7 16. h3 Rd8 17. Rd1 Qb6 18. Qc4 Qb3 19. Qe2 Nd5 20. Ne4 a5 21. Rd3 Qc4 22. Kf1 a4 23. Nd2 Qa6 24. Ne4 Rxb2 25. Qxb2 Qxd3+ 26. Qe2 Qb3 27. Kg1 Rb8 28. Bg5 Bxa3 29. Qa2 Bb2 30. Qxb3 axb3 31. Rb1 Bxd4 0-1

[Event "Sochi Amateur op 6th"]
[Site "Sochi"]
[Date "2019.04.09"]
[Round "4"]
[White "Bezgodova, Svetlana"]
[Black "Nazaryev, Sergey"]
[Result "1/2-1/2"]
[WhiteElo "2046"]
[BlackElo "2268"]
[PlyCount "157"]
[EventDate "2019.04.07"]
[EventType "swiss"]
[EventRounds "9"]
[EventCountry "RUS"]
[SourceTitle "CBM 189 Extra"]
[Source "ChessBase"]
[SourceDate "2019.06.03"]
[SourceVersion "1"]
[SourceVersionDate "2019.06.03"]
[SourceQuality "1"]

1. Nf3 Nf6 2. g3 g6 3. b3 Bg7 4. Bb2 0-0 5. Bg2 d5 6. c4 dxc4 7. bxc4 c5 8. 0-0 Nc6 9. d3 Qc7 10. Nbd2 b6 11. Rb1 Bb7 12. Bc3 Rfe8 13. Qb3 e5 14. a4 Rab8 15. e3 Ba8 16. Rfd1 Nd7 17. h4 a5 18. Ba1 Nb4 19. Ne4 f5 20. Nc3 Nf6 21. Nb5 Qc6 22. d4 Ng4 23. d5 Qd7 24. e4 h6 25. Re1 Rbd8 26. Bh3 Qf7 27. Nd2 h5 28. exf5 gxf5 29. Nf3 e4 30. Ng5 Qg6 31. Nc7 Bxa1 32. Bxg4 Bd4 33. Be2 Re7 34. Nxa8 Rxa8 35. Qd1 Rf8 36. Bxh5 Qd6 37. Kg2 Nd3 38. Nh3 Nxe1+ 39. Qxe1 f4 40. Nxf4 Rxf4 41. gxf4 Rg7+ 42. Kf1 Qh6 43. Qxe4 Qxh5 44. f5 Kf8 45. d6 Qf7 46. Qe6 Qb7 47. Ke2 Rg4 48. Kd2 Re4 49. d7 Rxe6 50. d8Q+ Re8 51. Qd6+ Qe7 52. Rxb6 Qxd6 53. Rxd6 Re5 54. Ra6 Rxf5 55. Rxa5 Rxf2+ 56. Kd3 Rf4 57. Ra8+ Ke7 58. a5 Kd7 59. h5 Kc6 60. Ra6+ Kb7 61. Rb6+ Ka7 62. h6 Rh4 63. Rc6 Kb7 64. Rb6+ Kc7 65. Rg6 Ba1 66. a6 Rd4+ 67. Kc2 Rxc4+ 68. Kb3 Rh4 69. Re6 Kb8 70. Rc6 Bd4 71. Kc4 Be3+ 72. Kb5 c4 73. Rxc4 Rxh6 74. Rc6 Rh5+ 75. Kc4 Ka7 76. Rd6 Bb6 77. Rd5 Rh1 78. Rf5 Kxa6 79. Rd5 1/2-1/2

[Event "Sochi ChessAmateur op10"]
[Site "Sochi"]
[Date "2018.10.14"]
[Round "4"]
[White "Grigoryan, Suren"]
[Black "Nazaryev, Sergey"]
[Result "0-1"]
[WhiteElo "1705"]
[BlackElo "2290"]
[PlyCount "66"]
[EventDate "2018.10.12"]
[EventType "swiss"]
[EventRounds "9"]
[EventCountry "RUS"]
[SourceTitle "CBM 187 Extra"]
[Source "ChessBase"]
[SourceDate "2018.11.04"]
[SourceVersion "1"]
[SourceVersionDate "2018.11.04"]
[SourceQuality "1"]

1. e4 d5 2. exd5 Qxd5 3. Nc3 Qd6 4. Bc4 Nf6 5. d4 c6 6. Nge2 Bf5 7. Bf4 Qb4 8. Bb3 e6 9. Qd2 Nbd7 10. h4 h6 11. f3 0-0-0 12. a3 Qa5 13. Ne4 Qxd2+ 14. Nxd2 Nd5 15. Bxd5 exd5 16. Rc1 Be7 17. Ng3 Bh7 18. Kf2 Nb6 19. b4 Na4 20. Be3 Rhe8 21. Nh5 Bf8 22. Nf4 Nc3 23. Nd3 Bd6 24. Nb1 Nb5 25. Rcd1 Be7 26. g4 Rd6 27. a4 Nc7 28. c3 Re6 29. Bf4 Bd8 30. Rd2 Bxd3 31. Rxd3 Re2+ 32. Kg3 Ne6 33. Re3 Nxf4 0-1

[Event "Pardubice Czech op-A 29th"]
[Site "Pardubice"]
[Date "2018.07.25"]
[Round "6"]
[White "Sosovicka, Jakub"]
[Black "Nazaryev, Sergey"]
[Result "1/2-1/2"]
[WhiteElo "1982"]
[BlackElo "2269"]
[PlyCount "52"]
[EventDate "2018.07.20"]
[EventType "swiss"]
[EventRounds "9"]
[EventCountry "CZE"]
[SourceTitle "CBM 185 Extra"]
[Source "ChessBase"]
[SourceDate "2018.07.29"]
[SourceVersion "1"]
[SourceVersionDate "2018.07.29"]
[SourceQuality "1"]

1. e4 c6 2. d4 d5 3. Nd2 dxe4 4. Nxe4 Nf6 5. Nxf6+ exf6 6. c3 Bd6 7. Bd3 0-0 8. Qc2 Re8+ 9. Ne2 h6 10. 0-0 Qc7 11. Ng3 Nd7 12. Be3 Nf8 13. Rfe1 Bg4 14. Kh1 Bxg3 15. hxg3 Qd7 16. Bf4 g5 17. Bd2 Bh5 18. Bf5 Qd5 19. Be4 Qd7 20. Bf5 Qd6 21. Rxe8 Rxe8 22. Re1 Rxe1+ 23. Bxe1 Qd5 24. b3 Bg6 25. g4 Kg7 26. f3 Ne6 1/2-1/2

[Event "Pardubice Czech op-A 29th"]
[Site "Pardubice"]
[Date "2018.07.24"]
[Round "5"]
[White "Nazaryev, Sergey"]
[Black "Vykouk, Jan"]
[Result "0-1"]
[WhiteElo "2269"]
[BlackElo "2419"]
[PlyCount "82"]
[EventDate "2018.07.20"]
[EventType "swiss"]
[EventRounds "9"]
[EventCountry "CZE"]
[SourceTitle "CBM 185 Extra"]
[Source "ChessBase"]
[SourceDate "2018.07.29"]
[SourceVersion "1"]
[SourceVersionDate "2018.07.29"]
[SourceQuality "1"]

1. d4 Nf6 2. Nf3 g6 3. Nbd2 d5 4. g3 Bg7 5. Bg2 0-0 6. 0-0 b6 7. Ne5 Bb7 8. c3 Nfd7 9. Nxd7 Nxd7 10. e4 c5 11. e5 Rc8 12. f4 e6 13. Nf3 cxd4 14. cxd4 Ba6 15. Rf2 Qc7 16. h4 Nb8 17. h5 Nc6 18. hxg6 hxg6 19. a3 Qd7 20. Bh3 Rc7 21. Kg2 Rfc8 22. g4 Ne7 23. Be3 Qb5 24. Ne1 Nc6 25. f5 Na5 26. fxe6 fxe6 27. g5 Re7 28. b4 Nc4 29. Bc1 Rf8 30. Rf6 Bxf6 31. gxf6 Nxe5 32. dxe5 Qf1+ 33. Kg3 Qg1+ 34. Bg2 Rh7 35. Bg5 Bf1 36. Qd2 Bxg2 37. Qxg2 Qd4 38. Nf3 Qxa1 39. Qc2 Qh1 40. Qxg6+ Kh8 41. f7 Rh3+ 0-1

[Event "Pardubice Czech op-A 29th"]
[Site "Pardubice"]
[Date "2018.07.22"]
[Round "3"]
[White "Nazaryev, Sergey"]
[Black "Gonda, Laszlo"]
[Result "1/2-1/2"]
[WhiteElo "2269"]
[BlackElo "2534"]
[PlyCount "118"]
[EventDate "2018.07.20"]
[EventType "swiss"]
[EventRounds "9"]
[EventCountry "CZE"]
[SourceTitle "CBM 185 Extra"]
[Source "ChessBase"]
[SourceDate "2018.07.29"]
[SourceVersion "1"]
[SourceVersionDate "2018.07.29"]
[SourceQuality "1"]

1. d4 Nf6 2. Nf3 c5 3. c3 d5 4. Bf4 Nc6 5. e3 Qb6 6. Qc1 Bf5 7. Be2 e6 8. 0-0 Be7 9. Nbd2 Rc8 10. dxc5 Bxc5 11. Nh4 Be4 12. Nhf3 Nh5 13. Bg3 Nxg3 14. hxg3 Bg6 15. Nh4 Ne5 16. Nxg6 hxg6 17. Nf3 Qc7 18. Qd1 Ke7 19. Nd4 Rh6 20. f4 Nd7 21. Bf3 Rch8 22. Kf2 Bb6 23. Re1 g5 24. a4 gxf4 25. exf4 Kf8 26. Qd2 a6 27. Ke2 Nb8 28. Kd1 Nc6 29. Nxc6 Qxc6 30. Kc2 a5 31. f5 Rf6 32. fxe6 fxe6 33. g4 Bc7 34. Qe2 Bf4 35. g5 Bxg5 36. Qe5 Bf4 37. Qd4 b6 38. Rh1 Rhh6 39. Raf1 Ke7 40. Re1 Rxh1 41. Rxh1 Bh6 42. Re1 Kd7 43. b3 Qc5 44. Qxc5 bxc5 45. c4 dxc4 46. bxc4 Rf4 47. Re4 Rf8 48. Bg4 Rf6 49. Re1 Kd6 50. Bf3 Rf4 51. Re4 Rf7 52. Bg4 Rf6 53. Kd3 e5 54. Bf3 Rf8 55. Rg4 g5 56. Rg3 Rf4 57. Rh3 Bg7 58. Be4 Rf8 59. Rh7 Rf7 1/2-1/2

[Event "Pardubice Czech op-A 29th"]
[Site "Pardubice"]
[Date "2018.07.21"]
[Round "2"]
[White "Jezbera, Jiri"]
[Black "Nazaryev, Sergey"]
[Result "0-1"]
[WhiteElo "2136"]
[BlackElo "2269"]
[PlyCount "92"]
[EventDate "2018.07.20"]
[EventType "swiss"]
[EventRounds "9"]
[EventCountry "CZE"]
[SourceTitle "CBM 185 Extra"]
[Source "ChessBase"]
[SourceDate "2018.07.29"]
[SourceVersion "1"]
[SourceVersionDate "2018.07.29"]
[SourceQuality "1"]

1. e4 c6 2. d4 d5 3. e5 Bf5 4. c3 e6 5. Bd3 Bxd3 6. Qxd3 Qb6 7. Ne2 Qa6 8. Qc2 c5 9. 0-0 Nc6 10. a3 cxd4 11. cxd4 Nge7 12. b4 Nf5 13. Bb2 Be7 14. Rd1 0-0 15. Nbc3 Qc4 16. Qd3 Qxd3 17. Rxd3 a5 18. b5 Na7 19. a4 Rfc8 20. g4 Nh4 21. f4 Rc4 22. Kf2 Nc8 23. Kg3 Nb6 24. Ba3 Bxa3 25. Rxa3 Ng6 26. f5 Nf8 27. Rd1 Rac8 28. h3 Rb4 29. Rda1 Nfd7 30. Kf3 Rc7 31. R3a2 Rcc4 32. Ra3 Rxd4 33. Nxd4 Rxd4 34. Ne2 Nxe5+ 35. Kg3 Re4 36. Nf4 Nbc4 37. Rb3 Nd7 38. Rc3 Nc5 39. Kf3 h6 40. Kg3 Rd4 41. Ne2 Rd2 42. Kf3 e5 43. Rxc4 Rd3+ 44. Kg2 dxc4 45. Rc1 b6 46. Rxc4 Kf8 0-1

[Event "Chigorin Memorial 18th"]
[Site "St Petersburg"]
[Date "2010.10.28"]
[Round "1"]
[White "Nazaryev, Sergey"]
[Black "Maletin, Pavel"]
[Result "0-1"]
[WhiteElo "2276"]
[BlackElo "2621"]
[PlyCount "94"]
[EventDate "2010.10.28"]
[EventType "swiss"]
[EventRounds "9"]
[EventCountry "RUS"]
[SourceTitle "EXT 2011"]
[Source "ChessBase"]
[SourceDate "2010.11.26"]
[SourceVersion "1"]
[SourceVersionDate "2010.11.26"]
[SourceQuality "1"]

1. d4 Nf6 2. Nf3 e6 3. g3 b5 4. Bg2 Bb7 5. a4 b4 6. c4 c5 7. d5 exd5 8. Nh4 d6 9. cxd5 Be7 10. Nf5 0-0 11. 0-0 Re8 12. b3 Bf8 13. Bb2 Nbd7 14. a5 Ba6 15. Ne3 Ne5 16. Nd2 g6 17. Re1 Bg7 18. Ra2 Rc8 19. f4 Nc6 20. Nec4 Nd4 21. e3 Nb5 22. Nb1 Rc7 23. e4 Nd4 24. Bxd4 cxd4 25. Nbd2 Rc5 26. Ra4 Qe7 27. Rf1 Bxc4 28. bxc4 Rb8 29. Re1 Nd7 30. Bf1 d3 31. Bxd3 Bc3 32. Re2 Bxd2 33. Rxd2 Rcc8 34. Rb2 b3 35. Re2 Qf6 36. Bb1 Qc3 37. Qd2 Rxc4 38. Rxc4 Qxc4 39. e5 Re8 40. Re4 Qc5+ 41. Kg2 dxe5 42. Re3 Nf6 43. d6 e4 44. d7 Rd8 45. Rxb3 Rxd7 46. Qb2 e3 47. Kf3 Qd5+ 0-1

[Event "Voronezh op-A 14th"]
[Site "Voronezh"]
[Date "2010.06.19"]
[Round "7"]
[White "Gorkavij, Vadim"]
[Black "Nazaryev, Sergey"]
[Result "1/2-1/2"]
[WhiteElo "2383"]
[BlackElo "2254"]
[PlyCount "56"]
[EventDate "2010.06.12"]
[EventType "swiss"]
[EventRounds "9"]
[EventCountry "RUS"]
[SourceTitle "CBM 137 Extra"]
[Source "ChessBase"]
[SourceDate "2010.09.01"]
[SourceVersion "1"]
[SourceVersionDate "2010.09.01"]
[SourceQuality "1"]

1. e4 c6 2. Nc3 d5 3. Nf3 Bg4 4. h3 Bh5 5. exd5 cxd5 6. g4 Bg6 7. Ne5 Nc6 8. d4 e6 9. Bb5 Rc8 10. h4 f6 11. Nxg6 hxg6 12. Qd3 Kf7 13. h5 gxh5 14. gxh5 Nge7 15. Be3 Nf5 16. a3 Na5 17. Qe2 Nc4 18. Qg4 a6 19. Qg6+ Ke7 20. Bxc4 Rxc4 21. 0-0-0 Nxe3 22. fxe3 Qe8 23. Qg4 Qc6 24. Rdg1 Qc7 25. Kb1 Ke8 26. Qg6+ Qf7 27. Qg3 Qe7 28. Qg6+ Qf7 1/2-1/2

[Event "Voronezh op-A 14th"]
[Site "Voronezh"]
[Date "2010.06.16"]
[Round "5"]
[White "Oleksienko, Mikhailo"]
[Black "Nazaryev, Sergey"]
[Result "1-0"]
[WhiteElo "2543"]
[BlackElo "2254"]
[PlyCount "145"]
[EventDate "2010.06.12"]
[EventType "swiss"]
[EventRounds "9"]
[EventCountry "RUS"]
[SourceTitle "CBM 137 Extra"]
[Source "ChessBase"]
[SourceDate "2010.09.01"]
[SourceVersion "1"]
[SourceVersionDate "2010.09.01"]
[SourceQuality "1"]

1. e4 c6 2. d4 d5 3. e5 Bf5 4. Nd2 e6 5. Nb3 Nd7 6. Nf3 Ne7 7. Be2 Bg6 8. 0-0 Qb6 9. Bd2 Qc7 10. Rc1 Nc8 11. Nh4 Be7 12. Nxg6 hxg6 13. c4 dxc4 14. Bxc4 Ndb6 15. Bd3 Nd5 16. a3 Ncb6 17. Na5 Qd7 18. g3 0-0-0 19. b4 Kb8 20. Qb3 Nc7 21. Rfd1 Nb5 22. Be3 Qd5 23. Qxd5 Nxd5 24. Nc4 Rd7 25. Bf1 Rhd8 26. Rd3 Ndc7 27. Rcd1 Nd5 28. Rc1 Ndc7 29. Kg2 Nd5 30. h4 Nb6 31. Na5 Nd5 32. Be2 Nb6 33. h5 gxh5 34. Bxh5 g6 35. Bf3 Nd5 36. Rh1 Rc8 37. Rh7 Bd8 38. Nc4 Nb6 39. Nd2 f5 40. Rh6 Rg7 41. Nb3 Nxa3 42. Nc5 Nc2 43. Bd2 Nd5 44. Nxe6 Rg8 45. Bxd5 cxd5 46. Nxd8 Rcxd8 47. Rh7 Rc8 48. Rd7 Rc4 49. Rxd5 Nxb4 50. Bxb4 Rxb4 51. Rd7 Re8 52. f4 a5 53. Rg7 a4 54. Rxg6 Kc7 55. g4 fxg4 56. Rxg4 b5 57. f5 Rb2+ 58. Kf3 b4 59. Rg1 a3 60. Ra1 a2 61. Ke4 b3 62. Rxb3 Rxb3 63. Rxa2 Kb7 64. f6 Rh8 65. f7 Kc6 66. d5+ Kc5 67. Rc2+ Kb5 68. e6 Rb1 69. Ke5 Rf1 70. Kd6 Rh7 71. Ke7 Re1 72. Ke8 Rf1 73. f8Q 1-0

[Event "Moscow op-A"]
[Site "Moscow"]
[Date "2009.02.04"]
[Round "5"]
[White "Nazaryev, Sergey"]
[Black "Gershkowich, David"]
[Result "1/2-1/2"]
[WhiteElo "2236"]
[BlackElo "2360"]
[PlyCount "32"]
[EventDate "2009.01.31"]
[EventType "swiss"]
[EventRounds "9"]
[EventCountry "RUS"]
[SourceTitle "EXT 2022"]
[Source "ChessBase"]
[SourceDate "2021.10.06"]
[SourceVersion "1"]
[SourceVersionDate "2021.10.06"]
[SourceQuality "1"]

1. Nf3 d5 2. g3 Nf6 3. Bg2 c6 4. 0-0 Bg4 5. d3 e6 6. Nbd2 Be7 7. e4 0-0 8. Qe2 Na6 9. Re1 Qc7 10. Nf1 dxe4 11. dxe4 e5 12. h3 Bh5 13. g4 Bg6 14. Nh4 Bxe4 15. Bxe4 Nxe4 16. Qxe4 Bxh4 1/2-1/2

[Event "Anapa"]
[Site "Anapa"]
[Date "2008.09.08"]
[Round "15"]
[White "Magomedov, Murad"]
[Black "Nazaryev, Sergey"]
[Result "1-0"]
[WhiteElo "2328"]
[BlackElo "2180"]
[PlyCount "49"]
[EventDate "2008.08.31"]
[EventType "tourn"]
[EventRounds "15"]
[EventCountry "RUS"]
[EventCategory "3"]
[SourceTitle "CBM 126 Extra"]
[Source "ChessBase"]
[SourceDate "2008.11.05"]
[SourceVersion "1"]
[SourceVersionDate "2008.11.05"]
[SourceQuality "1"]

1. d4 Nf6 2. c4 e6 3. Nc3 Bb4 4. Qc2 0-0 5. a3 Bxc3+ 6. Qxc3 d6 7. f3 Qe7 8. e4 e5 9. d5 c5 10. Be3 Ne8 11. g4 g6 12. Ne2 Ng7 13. Rg1 Nd7 14. b4 b6 15. Ng3 Bb7 16. Qd2 Rfc8 17. h4 cxb4 18. axb4 a5 19. bxa5 Nc5 20. Bxc5 Rxc5 21. h5 Rcxa5 22. Rxa5 Rxa5 23. hxg6 fxg6 24. Qh6 Ra8 25. Kf2 1-0

[Event "Anapa"]
[Site "Anapa"]
[Date "2008.09.05"]
[Round "11"]
[White "Bagrationi, Alexander"]
[Black "Nazaryev, Sergey"]
[Result "1-0"]
[WhiteElo "2252"]
[BlackElo "2180"]
[PlyCount "85"]
[EventDate "2008.08.31"]
[EventType "tourn"]
[EventRounds "15"]
[EventCountry "RUS"]
[EventCategory "3"]
[SourceTitle "CBM 126 Extra"]
[Source "ChessBase"]
[SourceDate "2008.11.05"]
[SourceVersion "1"]
[SourceVersionDate "2008.11.05"]
[SourceQuality "1"]

1. d4 d5 2. c4 c6 3. Nf3 Nf6 4. Nc3 a6 5. c5 b6 6. cxb6 Qxb6 7. Na4 Qa7 8. e3 Bg4 9. Be2 Bxf3 10. Bxf3 e6 11. 0-0 Be7 12. Bd2 0-0 13. Qc2 Nbd7 14. Rfc1 Rfc8 15. b4 Ne8 16. Be2 Nd6 17. Nc5 a5 18. Nxd7 Qxd7 19. bxa5 Ne4 20. Be1 c5 21. dxc5 Bxc5 22. Qd3 Qa7 23. Rab1 Nd6 24. Qb3 h6 25. Qa4 Ne4 26. Bd3 Nd6 27. Kh1 Rc7 28. Rc2 Nb7 29. a6 Nd6 30. Ba5 Rcc8 31. Rbc1 Nc4 32. Bxc4 dxc4 33. Qxc4 Ba3 34. Qxc8+ Rxc8 35. Rxc8+ Kh7 36. R1c6 Qd7 37. h3 Qd1+ 38. Kh2 Bd6+ 39. f4 g5 40. Rxd6 Qxd6 41. a7 gxf4 42. a8Q f3+ 43. g3 1-0

[Event "Anapa"]
[Site "Anapa"]
[Date "2008.09.04"]
[Round "8"]
[White "Galojan, Lilit"]
[Black "Nazaryev, Sergey"]
[Result "1-0"]
[WhiteElo "2290"]
[BlackElo "2180"]
[PlyCount "91"]
[EventDate "2008.08.31"]
[EventType "tourn"]
[EventRounds "15"]
[EventCountry "RUS"]
[EventCategory "3"]
[SourceTitle "CBM 126 Extra"]
[Source "ChessBase"]
[SourceDate "2008.11.05"]
[SourceVersion "1"]
[SourceVersionDate "2008.11.05"]
[SourceQuality "1"]

1. Nf3 Nf6 2. c4 g6 3. d4 Bg7 4. g3 0-0 5. Bg2 c6 6. 0-0 d6 7. Nc3 Qa5 8. e4 Qh5 9. Nd2 Bg4 10. f3 Bh3 11. Nb3 e5 12. d5 c5 13. Be3 Ne8 14. g4 Qh4 15. Qe1 Qxe1 16. Rfxe1 Bxg2 17. Kxg2 Nd7 18. Na5 Rb8 19. Rab1 Bf6 20. b4 cxb4 21. Rxb4 Bd8 22. Ra4 Bb6 23. Bxb6 axb6 24. Nb3 f5 25. exf5 gxf5 26. h3 Rc8 27. Nb5 Rf7 28. Kg3 Nf8 29. Nd2 Ng6 30. Rb1 h5 31. Nc3 hxg4 32. hxg4 fxg4 33. fxg4 Nf4 34. Rxb6 Rh7 35. Nce4 Rh3+ 36. Kf2 Rh2+ 37. Ke3 Rc7 38. Ra8 Kf7 39. Rb8 Nf6 40. Nxd6+ Ke7 41. Nf5+ Kf7 42. R6xb7 Rh3+ 43. Nf3 Kg6 44. Rxc7 Nxg4+ 45. Ke4 Nf6+ 46. Kxe5 1-0

[Event "Anapa"]
[Site "Anapa"]
[Date "2008.09.02"]
[Round "4"]
[White "Derbenev, Andrey"]
[Black "Nazaryev, Sergey"]
[Result "0-1"]
[WhiteElo "2302"]
[BlackElo "2180"]
[PlyCount "80"]
[EventDate "2008.08.31"]
[EventType "tourn"]
[EventRounds "15"]
[EventCountry "RUS"]
[EventCategory "3"]
[SourceTitle "CBM 126 Extra"]
[Source "ChessBase"]
[SourceDate "2008.11.05"]
[SourceVersion "1"]
[SourceVersionDate "2008.11.05"]
[SourceQuality "1"]

1. d4 d5 2. c4 c6 3. Nc3 Nf6 4. Nf3 a6 5. a4 g6 6. Bf4 Bg7 7. e3 a5 8. Bd3 Na6 9. Rc1 Nb4 10. Bb1 dxc4 11. 0-0 0-0 12. h3 Nbd5 13. Bh2 Nxc3 14. bxc3 b5 15. Ne5 Bb7 16. e4 Nd7 17. f4 Nxe5 18. fxe5 Qd7 19. Qe2 f6 20. exf6 exf6 21. h4 Bc8 22. e5 f5 23. h5 Qd5 24. Qe3 b4 25. g4 c5 26. gxf5 gxf5 27. h6 Bxh6 28. Qxh6 Ra6 29. e6 cxd4 30. Qxf8+ Kxf8 31. Rxf5+ Qxf5 32. Bxf5 Bxe6 33. Bxe6 Rxe6 34. cxd4 b3 35. Rb1 Re2 36. Bd6+ Kf7 37. Kf1 Rc2 38. Ba3 Ke6 39. Rb2 Rc1+ 40. Ke2 Ra1 0-1

[Event "Anapa"]
[Site "Anapa"]
[Date "2008.09.01"]
[Round "2"]
[White "Fomichenko, Svetlana"]
[Black "Nazaryev, Sergey"]
[Result "0-1"]
[WhiteElo "2269"]
[BlackElo "2180"]
[PlyCount "62"]
[EventDate "2008.08.31"]
[EventType "tourn"]
[EventRounds "15"]
[EventCountry "RUS"]
[EventCategory "3"]
[SourceTitle "CBM 126 Extra"]
[Source "ChessBase"]
[SourceDate "2008.11.05"]
[SourceVersion "1"]
[SourceVersionDate "2008.11.05"]
[SourceQuality "1"]

1. e4 e5 2. Nf3 Nc6 3. d4 exd4 4. Bc4 Nf6 5. e5 d5 6. Bb5 Ne4 7. Nxd4 Bd7 8. Bxc6 bxc6 9. 0-0 Bc5 10. f3 Ng5 11. Be3 f6 12. f4 Ne4 13. f5 fxe5 14. Qh5+ Ke7 15. Nd2 Nxd2 16. f6+ gxf6 17. Nf5+ Bxf5 18. Bxc5+ Ke6 19. Qxf5+ Kf7 20. Qxe5 Nxf1 21. Rxf1 h5 22. Qf4 Rg8 23. Qf5 Rg6 24. Re1 Rg5 25. Qh7+ Rg7 26. Qxh5+ Kg8 27. Qf5 Qd7 28. Qxf6 Re8 29. Rxe8+ Qxe8 30. Qf2 Qe4 31. Bxa7 Qg4 0-1